000 00336 a2200109 4500
001 ART_30819
005 20260410161706.0
008 260409a
245 1 0 _aReempadronamiento societario en la Provincia de Buenos Aires
100 1 _aSantacruz, Lidia M.
773 0 _tRevista Impuestos
_g- NÂș 11 (jun. 2008)
_wREV639
999 _c15597
_d15597